| 000 | 00745nam a22002177a 4500 | ||
|---|---|---|---|
| 999 |
_c21237 _d21237 |
||
| 003 | AR-CdUCM | ||
| 008 | 190319b ||||| |||| 00| 0 spa d | ||
| 040 |
_aMUNICIPALIDAD PROVINCIAL DEL CUSCO _cBIBLIOTECA MUNICIPAL DEL CUSCO |
||
| 082 |
_a665.352 / R54 _bR54 |
||
| 100 |
_aRicaldi Sarapura, Joseph Obed _944363 |
||
| 245 | _aAceite esencial investigación de compuestos Fitobioactivos / | ||
| 260 |
_aCusco : _c2018. |
||
| 300 |
_a85 paginas ; _c20 cm. |
||
| 505 | _aContenido: Extracción de aceites esenciales -- Investigación de compuestos Fitobioactivos ... | ||
| 650 |
_aAceites _919368 |
||
| 650 |
_aProcesamiento _919369 |
||
| 650 |
_aAditivos _919370 |
||
| 650 |
_aFitobioactivos _944364 |
||
| 942 |
_2ddc _cLIBROS |
||
| 945 | _aRoel | ||